Name All 11 Letter Countries - Statistics

General Stats
  • This quiz has been taken 62 times
  • The average score is 5 of 9
Answer Stats
Starts With Answer % Correct
A Afghanistan
78%
V Vatican City
76%
P Philippines
69%
S Switzerland
60%
N Netherlands
58%
S South Africa
58%
B Burkina Faso
51%
S Saudi Arabia
44%
S Sierra Leone
38%
No matching quizzes found
Score Distribution
Percent of People with Each Score
Percentile by Number Answered
Your Score History
You have not taken this quiz